A collection of articles on dynamic Meteorology (Record no. 2798)

000 -Cabeçalho
Cabeçalho 004950000a22001690004500
001 - Identificador do registo
Identificador do registo 2798
090 ## - Número de controle KOHA
Número biblioitem KOHA 2798
100 ## - Dados gerais de processamento
Dados gerais de processamento 19931124d19651948m||y0pory5003 ba
102 ## - País de publicação ou produção
País de publicação Estados Unidos
200 ## - Título e menção de responsabilidade
Título próprio A collection of articles on dynamic Meteorology
Primeira menção de responsabilidade edited by I. Kibel
210 ## - Publicação, distribuição, etc.
Lugar da edição, distribuição, etc. New York
Nome do editor, distribuidor, etc. American Geophysical Union
Data da publicação, distribuição, etc. 1965
300 ## - Notas gerais
Texto da nota v.1 Tradução inglesa de Soviet Research in Geophysics
317 ## - Nota de proveniência
Texto da nota Origem: IM
606 ## - Nome comum usado como assunto
Palavra de ordem METEOROLOGIA GERAL
Subdivisão cronológica IM
675 ## - Classificação Decimal Universal (CDU)
Notação 551.5
Edição med
Língua da edição Francês
700 #1 - Nome de pessoa - responsabilidade principal
Palavra de ordem Kibel
Outra parte do nome não tomada para palavra de ordem I.
Código de função 340
Holdings
Data de aquisição Número de registo Biblioteca de aquisição Biblioteca de empréstimo Numeração (volume ou parte) Cota Fim da data de empréstimo Permissão de empréstimo Tipo de documento
2019-04-16 5355 Biblioteca da Sede Biblioteca da Sede Vol 1 Estante 3, Prat 23 2019-04-16   Monografias
2026-04-14 4926 Biblioteca da Sede Biblioteca da Sede Vol 1 Estante 3, Prat 23 2026-04-14   Monografias

Powered by Koha